000
00258nam a22001217a 4500
003
SGT
082
_a
954
_b
I69D
100
_a
DAS, DURGA
245
_a
INDIA :FROM GURZAM TO NEHRU
260
_b
COLLINS PUBLICATIONS
_c
1969
300
_a
487
942
_2
ddc
_c
BK
999
_c
32044
_d
32044